Sons And Lovers (Record no. 28037)

MARC details
000 -LEADER
fixed length control field 00398nam a2200169Ia 4500
008 - FIXED-LENGTH DATA ELEMENTS--GENERAL INFORMATION
fixed length control field 220531s9999 xx 000 0 und d
041 ## - LANGUAGE CODE
Language code of text/sound track or separate title eng
082 ## - DEWEY DECIMAL CLASSIFICATION NUMBER
Item number ENG
100 ## - MAIN ENTRY--PERSONAL NAME
Personal name Engel,w
9 (RLIN) 47831
245 ## - TITLE STATEMENT
Title Sons And Lovers
260 ## - PUBLICATION, DISTRIBUTION, ETC. (IMPRINT)
Name of publisher, distributor, etc. Rama
Date of publication, distribution, etc. 2002
300 ## - PHYSICAL DESCRIPTION
Extent 129
542 ## - INFORMATION RELATING TO COPYRIGHT STATUS
Copyright holder 22-04-2002
650 ## - SUBJECT ADDED ENTRY--TOPICAL TERM
Topical term or geographic name as entry element English
9 (RLIN) 47832
906 ## - LOCAL DATA ELEMENT F, LDF (RLIN)
d 2002-2003
-- 2019-2020
e 1.3.21 write off
Holdings
Withdrawn status Lost status Source of classification or shelving scheme Damaged status Not for loan Home library Current library Date acquired Cost, normal purchase price Total Checkouts Total Holds Full call number Barcode Date last seen Bill Date Koha item type Original Barcode
Withdrawn   Dewey Decimal Classification     Shri Siddhivinayak Mahila Mahavidyalaya Shri Siddhivinayak Mahila Mahavidyalaya 22/04/2002 15.00   1 /ENG/B/9024 SSMM-BK-9024 06/08/2022 06/08/2022 Books 010009024